Electrical Machines: theory and practice (Record no. 12313)

000 -LEADER
fixed length control field 00382nam a2200145 4500
020 ## - INTERNATIONAL STANDARD BOOK NUMBER
International Standard Book Number 9788120329973
082 ## - DEWEY DECIMAL CLASSIFICATION NUMBER
Classification number 621.31042 BAN
100 ## - MAIN ENTRY--PERSONAL NAME
Personal name Bandyopadhyay, M.N.
245 ## - TITLE STATEMENT
Title Electrical Machines: theory and practice
260 ## - PUBLICATION, DISTRIBUTION, ETC.
Place of publication, distribution, etc. New Delhi, India
Name of publisher, distributor, etc. PHI Learning Ltd.
300 ## - PHYSICAL DESCRIPTION
Extent xvi, 498 p.
Other physical details ill. ;
500 ## - GENERAL NOTE
General note Includes index.
650 ## - SUBJECT ADDED ENTRY--TOPICAL TERM
Topical term or geographic name entry element Electric machinery.
942 ## - ADDED ENTRY ELEMENTS (KOHA)
Koha item type Book
Holdings
Withdrawn status Lost status Damaged status Not for loan Collection code Permanent Location Current Location Shelving location Date acquired Source of acquisition Cost, normal purchase price Total Checkouts Total Renewals Full call number Barcode Date last seen Date last checked out Price effective from Koha item type
          Central Library (CL) Central Library (CL) General Stacks 12/27/2013 Saeed Book Bank 610.40 4 4 621.31042 BAN SEECS012705 12/08/2022 07/03/2022 12/25/2013 Book
© 2023 Central Library, National University of Sciences and Technology. All Rights Reserved.